[Event "BCF-chT1d 1516 (4NCL) Demotion pool"]
[Site "England"]
[Date "2016.04.30"]
[Round "9.153"]
[White "Longson, Alexander"]
[Black "Eckersley Waites, Adam"]
[Result "1/2-1/2"]
[WhiteElo "2332"]
[BlackElo "2280"]
[PlyCount "71"]
[EventDate "2015.11.14"]
[EventType "team-tourn"]
[EventRounds "4"]
[EventCountry "ENG"]
[SourceTitle "EXT 2017"]
[Source "ChessBase"]
[SourceDate "2016.10.25"]
[SourceVersion "1"]
[SourceVersionDate "2016.10.25"]
[SourceQuality "1"]
[WhiteTeam "3CS Oldham"]
[BlackTeam "Cambridge"]
[WhiteTeamCountry "ENG"]
[BlackTeamCountry "ENG"]

1. e4 c5 2. Nf3 d6 3. Bb5+ Bd7 4. Bxd7+ Qxd7 5. c4 Nf6 6. Nc3 g6 7. d4 cxd4 8. Nxd4 Bg7 9. b3 0-0 10. Bb2 Nc6 11. 0-0 Rfd8 12. Re1 e6 13. Rc1 a6 14. Nxc6 Qxc6 15. Qe2 Nd7 16. Na4 Bxb2 17. Nxb2 b5 18. Nd3 Rac8 19. Qe3 Nc5 20. cxb5 Qxb5 21. Nxc5 Rxc5 22. Rxc5 dxc5 23. h4 c4 24. bxc4 Qxc4 25. Qg5 Qd4 26. e5 Qd2 27. Re3 Rb8 28. Qf6 Rb5 29. Kh2 h5 30. Rf3 Rb7 31. Rf4 a5 32. a4 Rc7 33. Rf3 Rb7 34. Rf4 Rc7 35. Rf3 Rb7 36. Rf4 1/2-1/2

[Event "BCF-chT1a 1213 (4NCL)"]
[Site "England"]
[Date "2013.02.24"]
[Round "6.135"]
[White "Wall, Gavin"]
[Black "Eckersley Waites, Adam"]
[Result "1/2-1/2"]
[WhiteElo "2340"]
[BlackElo "2266"]
[PlyCount "52"]
[EventDate "2012.11.03"]
[EventType "team-tourn"]
[EventRounds "7"]
[EventCountry "ENG"]
[SourceTitle "EXT 2014"]
[Source "ChessBase"]
[SourceDate "2013.11.20"]
[SourceVersion "1"]
[SourceVersionDate "2013.11.20"]
[SourceQuality "1"]
[WhiteTeam "Guildford II"]
[BlackTeam "Cambridge"]
[WhiteTeamCountry "ENG"]
[BlackTeamCountry "ENG"]

1. e4 c5 2. Nf3 d6 3. d4 cxd4 4. Qxd4 a6 5. Bg5 Nc6 6. Qd2 h6 7. Bh4 g5 8. Bg3 Bg7 9. Nc3 Bg4 10. Be2 Nf6 11. h4 Bxf3 12. gxf3 Qa5 13. hxg5 hxg5 14. Rxh8+ Bxh8 15. 0-0-0 Rc8 16. Kb1 Nh5 17. Rh1 Bxc3 18. bxc3 Nxg3 19. fxg3 Qe5 20. Rh5 f6 21. f4 Qxe4 22. Bd3 Qe6 23. Qf2 Qg4 24. Be2 Qf5 25. Bd3 Qg4 26. Be2 Qf5 1/2-1/2

[Event "BCF-chT1a 1213 (4NCL)"]
[Site "England"]
[Date "2013.01.13"]
[Round "4.134"]
[White "Eckersley Waites, Adam"]
[Black "Farrand, Tom"]
[Result "1-0"]
[WhiteElo "2266"]
[BlackElo "2200"]
[PlyCount "131"]
[EventDate "2012.11.03"]
[EventType "team-tourn"]
[EventRounds "7"]
[EventCountry "ENG"]
[SourceTitle "EXT 2014"]
[Source "ChessBase"]
[SourceDate "2013.11.20"]
[SourceVersion "1"]
[SourceVersionDate "2013.11.20"]
[SourceQuality "1"]
[WhiteTeam "Cambridge"]
[BlackTeam "BCM Dragons"]
[WhiteTeamCountry "ENG"]
[BlackTeamCountry "ENG"]

1. e4 c5 2. Nf3 e6 3. d4 cxd4 4. Nxd4 Nf6 5. Nc3 Nc6 6. Ndb5 d6 7. Bf4 e5 8. Bg5 a6 9. Na3 b5 10. Bxf6 gxf6 11. Nd5 f5 12. exf5 Bxf5 13. c3 Bg7 14. Nc2 0-0 15. Nce3 Be6 16. Bd3 f5 17. 0-0 Ra7 18. a4 Ne7 19. Nxe7+ Rxe7 20. axb5 axb5 21. Bxb5 d5 22. Ra6 Kh8 23. Qa4 f4 24. Nc2 Bf5 25. Bc6 Bd3 26. Ra8 Qd6 27. Rc1 Ref7 28. Nb4 Be4 29. Rxf8+ Bxf8 30. Bxd5 Bxd5 31. Rd1 Qg6 32. Nxd5 Rg7 33. g3 fxg3 34. hxg3 Bc5 35. Qh4 Rf7 36. Ne3 Bxe3 37. fxe3 Kg7 38. g4 h6 39. Re1 Qe4 40. Qh1 Qd3 41. Qh2 e4 42. Qe5+ Kh7 43. Qd4 Qc2 44. Rf1 Rxf1+ 45. Kxf1 Qc1+ 46. Kf2 Qxb2+ 47. Kg3 Qb8+ 48. Kh3 Qb1 49. Qd7+ Kg8 50. Qe6+ Kg7 51. Qe5+ Kg8 52. Kg3 Qh1 53. Qe6+ Kg7 54. Qd7+ Kg8 55. Qf5 Kg7 56. Qe5+ Kg8 57. Qe6+ Kg7 58. Qf5 Kg8 59. c4 Qg1+ 60. Kf4 Qf1+ 61. Ke5 Qxc4 62. Qe6+ Qxe6+ 63. Kxe6 Kg7 64. Kf5 Kf7 65. Kxe4 Kg6 66. Kd5 1-0

[Event "BCF-chT1a 0910 (4NCL)"]
[Site "England"]
[Date "2009.10.24"]
[Round "1.4"]
[White "Eckersley Waites, Adam"]
[Black "Summerscale, Aaron"]
[Result "1-0"]
[WhiteElo "2197"]
[BlackElo "2449"]
[PlyCount "57"]
[EventDate "2009.10.24"]
[EventType "team-tourn"]
[EventRounds "7"]
[EventCountry "ENG"]
[SourceTitle "EXT 2011"]
[Source "ChessBase"]
[SourceDate "2010.11.26"]
[SourceVersion "1"]
[SourceVersionDate "2010.11.26"]
[SourceQuality "1"]
[WhiteTeam "Cambridge University"]
[BlackTeam "Pride and Prejudice"]
[WhiteTeamCountry "ENG"]
[BlackTeamCountry "ENG"]

1. e4 b6 2. d4 Bb7 3. Bd3 Nc6 4. c3 g6 5. Nf3 Bg7 6. 0-0 e6 7. Bf4 Nge7 8. Qd2 h6 9. Re1 Kf8 10. Na3 d6 11. Rad1 Nb8 12. Qe2 Nd7 13. e5 d5 14. h4 a6 15. h5 Kg8 16. Nh2 Qe8 17. Ng4 Nf5 18. hxg6 fxg6 19. Nf6+ Nxf6 20. exf6 Bxf6 21. Bxc7 b5 22. Qxe6+ Qf7 23. Bxf5 gxf5 24. Qxf5 Rh7 25. Be5 Bg5 26. Qg4 Qd7 27. Qg3 Kf7 28. f4 Be7 29. Qd3 1-0

[Event "Varsity Oxbridge m 126th"]
[Site "London"]
[Date "2008.03.08"]
[Round "1.3"]
[White "Wagner, Benedikt"]
[Black "Eckersley Waites, Adam"]
[Result "0-1"]
[WhiteElo "2158"]
[BlackElo "2199"]
[PlyCount "63"]
[EventDate "2008.03.08"]
[EventType "team"]
[EventRounds "1"]
[EventCountry "ENG"]
[SourceTitle "CBM 123 Extra"]
[Source "ChessBase"]
[SourceDate "2008.05.06"]
[SourceVersion "1"]
[SourceVersionDate "2008.05.06"]
[SourceQuality "1"]

1. d4 Nf6 2. Bg5 c5 3. d5 Ne4 4. Bc1 d6 5. f3 Nf6 6. e4 g6 7. a4 e6 8. Bb5+ Nbd7 9. dxe6 fxe6 10. Nh3 a6 11. Bc4 Ne5 12. Ba2 b5 13. 0-0 Bg7 14. f4 Nf7 15. Ng5 c4 16. Nxf7 Kxf7 17. e5 Qb6+ 18. Kh1 Ne4 19. Qe2 Bb7 20. Nd2 Qc6 21. Nf3 Rhf8 22. Nd4 Qd5 23. Be3 dxe5 24. Nf3 exf4 25. Rad1 Qh5 26. Ng5+ Nxg5 27. Rxf4+ Kg8 28. Rxf8+ Rxf8 29. Qxh5 gxh5 30. Bxg5 Rf2 31. Rg1 Bd4 32. c3 0-1

[Event "BCF-chT 0708 (4NCL)"]
[Site "Sunningdale"]
[Date "2007.11.11"]
[Round "4.6"]
[White "Eckersley Waites, Adam"]
[Black "Tan, Desmond"]
[Result "1-0"]
[WhiteElo "2175"]
[BlackElo "2329"]
[PlyCount "65"]
[EventDate "2007.09.15"]
[EventType "team-tourn"]
[EventRounds "11"]
[EventCountry "ENG"]
[SourceTitle "EXT 2008"]
[Source "ChessBase"]
[SourceDate "2007.11.25"]
[SourceVersion "1"]
[SourceVersionDate "2007.11.25"]
[SourceQuality "1"]
[WhiteTeam "Cambridge"]
[BlackTeam "Wood Green London"]
[WhiteTeamCountry "ENG"]
[BlackTeamCountry "ENG"]

1. e4 c5 2. Nf3 g6 3. d4 cxd4 4. Nxd4 Nc6 5. c4 d6 6. Nc3 Nxd4 7. Qxd4 Nf6 8. Bg5 Bg7 9. Be2 0-0 10. 0-0 Be6 11. Qe3 Qa5 12. a3 Rfc8 13. Nd5 Bxd5 14. exd5 Qc5 15. Qf4 a5 16. b4 axb4 17. axb4 Qb6 18. Rab1 Ra4 19. Qe3 Qxe3 20. Bxe3 Kf8 21. Rfc1 Ra2 22. Bf3 Nd7 23. c5 Ne5 24. c6 b5 25. Be4 e6 26. Bf4 f5 27. Bxe5 Bxe5 28. Bd3 Bd4 29. dxe6 Rxf2 30. Kh1 Be3 31. Re1 Bd2 32. e7+ Ke8 33. c7 1-0

[Event "BCF-chT 0708 (4NCL)"]
[Site "Sunningdale"]
[Date "2007.09.15"]
[Round "1.7"]
[White "Eckersley Waites, Adam"]
[Black "Anderton, David William"]
[Result "1-0"]
[WhiteElo "2175"]
[BlackElo "2239"]
[PlyCount "121"]
[EventDate "2007.09.15"]
[EventType "team-tourn"]
[EventRounds "11"]
[EventCountry "ENG"]
[SourceTitle "EXT 2008"]
[Source "ChessBase"]
[SourceDate "2007.11.25"]
[SourceVersion "1"]
[SourceVersionDate "2007.11.25"]
[SourceQuality "1"]
[WhiteTeam "Cambridge"]
[BlackTeam "The ADS"]
[WhiteTeamCountry "ENG"]
[BlackTeamCountry "ENG"]

1. e4 e6 2. d4 d5 3. Nc3 Nf6 4. Bg5 Bb4 5. e5 h6 6. Be3 Ne4 7. Nge2 c5 8. dxc5 Nc6 9. a3 Bxc3+ 10. Nxc3 Nxc3 11. bxc3 Qa5 12. Qd2 Nxe5 13. Bd4 f6 14. f4 Nc6 15. Be2 0-0 16. Bf3 Bd7 17. f5 Rac8 18. Be3 Kh7 19. fxe6 Bxe6 20. 0-0 Rcd8 21. Rae1 Bf7 22. Be2 Bg6 23. Bd3 Be4 24. Rb1 Rf7 25. Rb5 Qc7 26. c4 f5 27. cxd5 Rxd5 28. Qc3 Bxd3 29. cxd3 Qd7 30. Rb3 Nd4 31. Bxd4 Rxd4 32. Rxb7 Qxb7 33. Qxd4 Rd7 34. Qc4 Qd5 35. Qxd5 Rxd5 36. Rc1 Rxd3 37. c6 Rd8 38. c7 Rc8 39. Rc6 Kg8 40. Kf2 Kf7 41. Ke3 Ke7 42. Kf4 Kd7 43. Rc3 Ke6 44. h4 g5+ 45. hxg5 hxg5+ 46. Kxg5 Rg8+ 47. Kf4 Rc8 48. g3 a6 49. a4 a5 50. Rc2 Kd7 51. Kxf5 Rf8+ 52. Kg6 Kc8 53. g4 Rf4 54. g5 Rxa4 55. Rc5 Ra1 56. Kf6 a4 57. g6 a3 58. g7 Rf1+ 59. Rf5 Rg1 60. Rg5 Rf1+ 61. Kg6 1-0

[Event "BCF-chT2 0607 (4NCL)"]
[Site "Sunningdale"]
[Date "2007.03.04"]
[Round "8.6"]
[White "Eckersley Waites, Adam"]
[Black "Moore, John C"]
[Result "1/2-1/2"]
[WhiteElo "2167"]
[BlackElo "2032"]
[PlyCount "83"]
[EventDate "2006.09.16"]
[EventType "team"]
[EventRounds "11"]
[EventCountry "ENG"]
[SourceTitle "EXT 2008"]
[Source "ChessBase"]
[SourceDate "2007.11.25"]
[SourceVersion "1"]
[SourceVersionDate "2007.11.25"]
[SourceQuality "1"]
[WhiteTeam "Cambridge"]
[BlackTeam "Barbican Youth"]
[WhiteTeamCountry "ENG"]
[BlackTeamCountry "ENG"]

1. e4 e5 2. Nf3 Nc6 3. Bb5 a6 4. Ba4 Nf6 5. 0-0 Be7 6. Re1 b5 7. Bb3 0-0 8. a4 Bb7 9. d3 d6 10. c3 Na5 11. Ba2 c5 12. Nbd2 Bc8 13. axb5 Qb6 14. bxa6 Bxa6 15. Nf1 Bc8 16. Bb1 Be6 17. h3 Nb3 18. Rxa8 Rxa8 19. Be3 Ra1 20. Qe2 Qa6 21. Ng3 h6 22. Qc2 Qa5 23. Rf1 Qa4 24. Nf5 Bf8 25. g4 Bxf5 26. exf5 Be7 27. Nh2 Nd5 28. c4 Nb4 29. Qe2 Nc6 30. f4 Nbd4 31. Qf2 exf4 32. Bxf4 Ne5 33. Bxe5 dxe5 34. h4 Qc6 35. Qe3 Bxh4 36. Qxe5 Ra8 37. Qe4 Qxe4 38. dxe4 Rb8 39. Nf3 Bf6 40. e5 Nxf3+ 41. Rxf3 Bxe5 42. b3 1/2-1/2

[Event "BCF-chT2 0607 (4NCL)"]
[Site "Sunningdale"]
[Date "2006.09.17"]
[Round "2.6"]
[White "Eckersley Waites, Adam"]
[Black "Bigg, Andrew J"]
[Result "1/2-1/2"]
[WhiteElo "2147"]
[BlackElo "2265"]
[PlyCount "82"]
[EventDate "2006.09.16"]
[EventType "team"]
[EventRounds "11"]
[EventCountry "ENG"]
[SourceTitle "CBM 115 Extra"]
[Source "ChessBase"]
[SourceDate "2007.01.10"]
[SourceVersion "1"]
[SourceVersionDate "2007.01.10"]
[SourceQuality "1"]
[WhiteTeam "Cambridge"]
[BlackTeam "Barbican II"]
[WhiteTeamCountry "ENG"]
[BlackTeamCountry "ENG"]

1. e4 e6 2. d4 d5 3. Nc3 Bb4 4. e5 Ne7 5. a3 Bxc3+ 6. bxc3 c5 7. Qg4 0-0 8. Bd3 f5 9. exf6 Rxf6 10. Qh5 h6 11. Nf3 c4 12. Be2 Nbc6 13. a4 Bd7 14. 0-0 Qa5 15. Bd2 Raf8 16. Rfb1 Qc7 17. Be3 Be8 18. Qg4 Ng6 19. Ne1 Kh7 20. g3 e5 21. dxe5 Ngxe5 22. Qh3 Bg6 23. f4 Nd7 24. Bf3 Re8 25. Bf2 Be4 26. Rd1 Rf7 27. Rxd5 Bxd5 28. Bxd5 Rfe7 29. Bxc4 Nce5 30. Bd5 Qxc3 31. Rd1 Ng4 32. Qxg4 Rxe1+ 33. Rxe1 Rxe1+ 34. Kg2 Qxc2 35. Qxd7 Re2 36. Kg1 Rxf2 37. Be4+ Qxe4 38. Kxf2 Qc2+ 39. Kg1 Qb1+ 40. Kg2 a6 41. f5 Qe4+ 1/2-1/2

[Event "GBR-ch op"]
[Site "Swansea"]
[Date "2006.08.17"]
[Round "10.42"]
[White "Eggleston, Thomas"]
[Black "Eckersley Waites, Adam"]
[Result "1-0"]
[WhiteElo "2168"]
[BlackElo "2147"]
[PlyCount "79"]
[EventDate "2006.08.06"]
[EventType "swiss"]
[EventRounds "11"]
[EventCountry "WLS"]
[SourceTitle "CBM 113 Extra"]
[Source "ChessBase"]
[SourceDate "2006.09.14"]
[SourceVersion "1"]
[SourceVersionDate "2006.09.14"]
[SourceQuality "1"]

1. d4 Nf6 2. c4 c5 3. d5 e6 4. Nc3 exd5 5. cxd5 d6 6. e4 g6 7. Bd3 Bg7 8. h3 0-0 9. Nf3 Nh5 10. 0-0 Nd7 11. Bg5 Bf6 12. Bh6 Re8 13. Be2 a6 14. Nd2 Ng7 15. a4 Bd4 16. Nc4 Ne5 17. Nxe5 Rxe5 18. Qd2 f5 19. exf5 Nxf5 20. Bf4 Re8 21. Bd3 Be5 22. Bxe5 Rxe5 23. Rae1 Rxe1 24. Rxe1 Bd7 25. Qf4 Qf8 26. Ne4 Re8 27. a5 Re5 28. Re2 Qe7 29. g4 Nd4 30. Re3 Kg7 31. Nxd6 Qxd6 32. Rxe5 Nf3+ 33. Qxf3 Qxe5 34. Qe4 Kf6 35. Kg2 Bb5 36. Qf3+ Kg7 37. Bxb5 axb5 38. d6 Qxd6 39. Qxb7+ Kh6 40. a6 1-0

[Event "GBR-ch op"]
[Site "Swansea"]
[Date "2006.08.15"]
[Round "8.42"]
[White "Harman, Kenneth B"]
[Black "Eckersley Waites, Adam"]
[Result "1/2-1/2"]
[WhiteElo "2231"]
[BlackElo "2147"]
[PlyCount "71"]
[EventDate "2006.08.06"]
[EventType "swiss"]
[EventRounds "11"]
[EventCountry "WLS"]
[SourceTitle "CBM 113 Extra"]
[Source "ChessBase"]
[SourceDate "2006.09.14"]
[SourceVersion "1"]
[SourceVersionDate "2006.09.14"]
[SourceQuality "1"]

1. e4 c5 2. Nf3 d6 3. d4 cxd4 4. Nxd4 Nf6 5. Nc3 g6 6. Be3 Bg7 7. f3 Nc6 8. Qd2 0-0 9. 0-0-0 d5 10. exd5 Nxd5 11. Nxc6 bxc6 12. Bd4 e5 13. Bc5 Be6 14. Ne4 Re8 15. h4 h6 16. g4 Qc7 17. g5 h5 18. Bc4 Red8 19. Qf2 Qb7 20. Bb3 Nf4 21. Bxe6 Nxe6 22. Bd6 Rd7 23. c3 Rad8 24. Rd2 Qa6 25. Kb1 c5 26. Rhd1 c4 27. Ba3 Rd3 28. Rxd3 Rxd3 29. Rxd3 cxd3 30. Qd2 Nf4 31. Nc5 Qd6 32. Ne4 Qd7 33. Nf2 f6 34. Bc5 fxg5 35. hxg5 Qd5 36. Ne4 1/2-1/2

[Event "BCF-chT2 0405 (4NCL)"]
[Site "West Bromwich"]
[Date "2004.09.19"]
[Round "2.7"]
[White "Eckersley Waites, Adam"]
[Black "Hanley, James L"]
[Result "0-1"]
[WhiteElo "1987"]
[BlackElo "2062"]
[PlyCount "80"]
[EventDate "2004.09.18"]
[EventType "team"]
[EventRounds "11"]
[EventCountry "ENG"]
[SourceTitle "EXT 2006"]
[Source "ChessBase"]
[SourceDate "2005.11.24"]
[SourceVersion "1"]
[SourceVersionDate "2005.11.24"]
[SourceQuality "1"]
[WhiteTeam "PYO"]
[BlackTeam "Micro Mark NWE II"]
[WhiteTeamCountry "ENG"]
[BlackTeamCountry "ENG"]

1. e4 c5 2. Nf3 d6 3. d4 cxd4 4. Nxd4 Nf6 5. Nc3 g6 6. Be3 Bg7 7. f3 0-0 8. Qd2 Nc6 9. Bc4 Bd7 10. 0-0-0 Rb8 11. Bb3 Ne5 12. Bg5 b5 13. f4 b4 14. fxe5 bxc3 15. Qe2 dxe5 16. Nc6 Qc7 17. Nxb8 cxb2+ 18. Kxb2 Rxb8 19. Qd3 Bb5 20. Qf3 a5 21. Kc1 a4 22. Bd5 Nxd5 23. exd5 e4 24. Qg3 Be5 25. d6 exd6 26. Qe3 Bd3 27. Rxd3 exd3 28. Qxd3 Qb7 29. Rf1 Qb1+ 30. Kd2 Qb4+ 31. Ke3 Rc8 32. Kf2 Bd4+ 33. Ke2 Re8+ 34. Kf3 Rc8 35. Ke2 Be5 36. Kf2 Qc5+ 37. Ke2 Qxc2+ 38. Bd2 Qxa2 39. Rb1 Qe6 40. Kf1 Qc4 0-1

[Event "BCF-chT2 0304 (4NCL)"]
[Site "West Bromwich"]
[Date "2004.05.23"]
[Round "11.7"]
[White "Saunders, John C"]
[Black "Eckersley Waites, Adam"]
[Result "1/2-1/2"]
[WhiteElo "2195"]
[BlackElo "1975"]
[PlyCount "105"]
[EventDate "2003.11.17"]
[EventType "team"]
[EventRounds "11"]
[EventCountry "ENG"]
[SourceTitle "EXT 2005"]
[Source "ChessBase"]
[SourceDate "2004.11.15"]
[SourceVersion "1"]
[SourceVersionDate "2004.11.15"]
[SourceQuality "1"]
[WhiteTeam "SW Dragons"]
[BlackTeam "PYO"]
[WhiteTeamCountry "ENG"]
[BlackTeamCountry "ENG"]

1. e4 c5 2. c3 d5 3. exd5 Qxd5 4. d4 Nc6 5. Nf3 cxd4 6. cxd4 e5 7. Nc3 Bb4 8. Bd2 Bxc3 9. Bxc3 e4 10. Ne5 Nxe5 11. dxe5 Ne7 12. Be2 0-0 13. 0-0 Bf5 14. Qa4 Qc6 15. Qxc6 Nxc6 16. f4 exf3 17. Bxf3 Be6 18. b3 Rac8 19. Rad1 Rfd8 20. Kf2 Kf8 21. Ke3 Ke7 22. Be4 Rd7 23. h3 h6 24. Rxd7+ Kxd7 25. Rd1+ Ke7 26. Bb2 Rd8 27. Ba3+ Ke8 28. Bxc6+ bxc6 29. Rxd8+ Kxd8 30. Bf8 g6 31. Bxh6 Bf5 32. Kd4 Bb1 33. a3 Bc2 34. b4 Bb3 35. Bf8 Bd5 36. g3 Bg2 37. h4 Bf3 38. Ke3 Bd1 39. Bc5 a6 40. Kf4 Kd7 41. Kg5 Ke6 42. Bd4 Be2 43. Bb2 Bd1 44. Bc3 Be2 45. Kf4 Kd5 46. Ke3 Bg4 47. Kf4 Be2 48. Kg5 Ke6 49. g4 Bd1 50. h5 gxh5 51. gxh5 Be2 52. h6 Bd3 53. Kf4 1/2-1/2

[Event "BCF-chT2 0304 (4NCL)"]
[Site "West Bromwich"]
[Date "2004.01.18"]
[Round "4.7"]
[White "Eckersley Waites, Adam"]
[Black "Williamson, Paul L"]
[Result "0-1"]
[WhiteElo "2003"]
[BlackElo "2134"]
[PlyCount "100"]
[EventDate "2003.11.17"]
[EventType "team"]
[EventRounds "11"]
[EventCountry "ENG"]
[SourceTitle "EXT 2005"]
[Source "ChessBase"]
[SourceDate "2004.11.15"]
[SourceVersion "1"]
[SourceVersionDate "2004.11.15"]
[SourceQuality "1"]
[WhiteTeam "PYO"]
[BlackTeam "Barbican III"]
[WhiteTeamCountry "ENG"]
[BlackTeamCountry "ENG"]

1. e4 c6 2. d4 d5 3. exd5 cxd5 4. c4 Nf6 5. Nc3 Nc6 6. Bg5 Be6 7. Nge2 h6 8. Bxf6 exf6 9. c5 g5 10. a3 Bg7 11. Nb5 0-0 12. b4 a5 13. Rb1 axb4 14. axb4 f5 15. g3 f4 16. Bg2 Bg4 17. f3 Bf5 18. Rb2 fxg3 19. hxg3 Qe7 20. Kf2 Rfe8 21. Qd2 Qf6 22. Rd1 Re7 23. Nec3 Be6 24. f4 gxf4 25. Qxf4 Qxf4+ 26. gxf4 Rd7 27. f5 Bxf5 28. Bxd5 Be6 29. Bxc6 bxc6 30. Nd6 Ra3 31. Nce4 Bd5 32. Re2 Rb3 33. Nf5 Be6 34. Ned6 Kh7 35. Nxg7 Kxg7 36. b5 cxb5 37. d5 Bg4 38. Ne8+ Kf8 39. c6 Rd8 40. Nf6 Bxe2 41. Kxe2 Rc3 42. Rb1 Ke7 43. Nd7 Rg8 44. Rxb5 Rg2+ 45. Kf1 Rd2 46. Rb1 Rxd5 47. Nb8 Rc2 48. Kg1 Kd6 49. Kf1 Rdd2 50. Kg1 Rb2 0-1

[Event "BCF-chT2 0304 (4NCL)"]
[Site "West Bromwich"]
[Date "2004.01.17"]
[Round "3.7"]
[White "Allicock, Rawle Anthony"]
[Black "Eckersley Waites, Adam"]
[Result "1/2-1/2"]
[WhiteElo "2279"]
[BlackElo "2003"]
[PlyCount "58"]
[EventDate "2003.11.17"]
[EventType "team"]
[EventRounds "11"]
[EventCountry "ENG"]
[SourceTitle "EXT 2005"]
[Source "ChessBase"]
[SourceDate "2004.11.15"]
[SourceVersion "1"]
[SourceVersionDate "2004.11.15"]
[SourceQuality "1"]
[WhiteTeam "Wessex"]
[BlackTeam "PYO"]
[WhiteTeamCountry "ENG"]
[BlackTeamCountry "ENG"]

1. d4 Nf6 2. c4 c5 3. d5 e6 4. Nc3 exd5 5. cxd5 d6 6. Nf3 g6 7. g3 Bg7 8. Bg2 0-0 9. 0-0 Re8 10. h3 a6 11. a4 Ne4 12. Nxe4 Rxe4 13. Nd2 Rb4 14. Qc2 Nd7 15. Ra2 b5 16. axb5 Rxb5 17. Nc4 Qe7 18. Bd2 Rab8 19. Bc3 Bxc3 20. Qxc3 Nb6 21. Na5 Bd7 22. e3 Rb4 23. Nc6 Bxc6 24. dxc6 d5 25. Rxa6 Qd6 26. Rd1 Qxc6 27. Bxd5 Nxd5 28. Rxc6 Nxc3 29. bxc3 Rc4 1/2-1/2

[Event "Guernsey op 29th"]
[Site "Les Dicqs"]
[Date "2003.10.25"]
[Round "7"]
[White "Eckersley Waites, Adam"]
[Black "Ozanne, Mark S"]
[Result "1-0"]
[WhiteElo "2000"]
[BlackElo "2162"]
[PlyCount "53"]
[EventDate "2003.10.19"]
[EventType "swiss"]
[EventRounds "7"]
[EventCountry "GCI"]
[SourceTitle "EXT 2005"]
[Source "ChessBase"]
[SourceDate "2004.11.15"]
[SourceVersion "1"]
[SourceVersionDate "2004.11.15"]
[SourceQuality "1"]

1. e4 e6 2. d4 d5 3. Nc3 Bb4 4. e5 c5 5. a3 Bxc3+ 6. bxc3 Ne7 7. Qg4 Qc7 8. Qxg7 Rg8 9. Qxh7 cxd4 10. Ne2 Nbc6 11. f4 Bd7 12. Qd3 dxc3 13. Rb1 0-0-0 14. Nxc3 Na5 15. Nb5 Bxb5 16. Qxb5 Nf5 17. Bd2 Nc6 18. g3 Rh8 19. Bg2 Rdg8 20. c4 Nh4 21. cxd5 Nxg2+ 22. Kf2 exd5 23. Kxg2 d4 24. Rhc1 Qd7 25. Kg1 a6 26. Qb6 Qc7 27. Rxc6 1-0